Agricultural wages in India 2001-01. (Record no. 597014)

MARC details
000 -LEADER
fixed length control field 00691nam a2200229Ia 4500
003 - CONTROL NUMBER IDENTIFIER
control field OSt
005 - DATE AND TIME OF LATEST TRANSACTION
control field 20220925235230.0
008 - FIXED-LENGTH DATA ELEMENTS--GENERAL INFORMATION
fixed length control field 220923b |||||||| |||| 00| 0 eng d
037 ## - SOURCE OF ACQUISITION
Terms of availability General Book
040 ## - CATALOGING SOURCE
Original cataloging agency RTL
Transcribing agency RTL
Language of cataloging eng
041 ## - LANGUAGE CODE
Source of code eng
Language code of text/sound track or separate title eng
110 ## - MAIN ENTRY--CORPORATE NAME
Corporate name or jurisdiction name as entry element INDIA, AGRICULTURE (Ministry of--)
245 #0 - TITLE STATEMENT
Title Agricultural wages in India 2001-01.
260 ## - PUBLICATION, DISTRIBUTION, ETC.
Place of publication, distribution, etc. New Delhi
Name of publisher, distributor, etc. Controller of publication
Date of publication, distribution, etc. 2000
300 ## - PHYSICAL DESCRIPTION
Extent v,225p.
Dimensions cm.
700 ## - ADDED ENTRY--PERSONAL NAME
Personal name INDIA, AGRICULTURE (Ministry of--)
942 ## - ADDED ENTRY ELEMENTS (KOHA)
Classification part X9(J):93.2.P01<--P00, P6/GD
Koha item type General Books
Source of classification or shelving scheme Colon Classification (CC)
Holdings
Withdrawn status Lost status Damaged status Not for loan Home library Current library Date acquired Total Checkouts Full call number Barcode Date last seen Price effective from Koha item type
        Ratan Tata Library Ratan Tata Library 2022-09-25   X9(J):93.2.P01<--P00 P6/GD RT1359679 2022-09-25 2022-09-25 General Books
Copyright @ Delhi University Library System